Normal view MARC view
  • Ibargoyen Islas, Saúl,

Entry Nombre Personal

Number of records used in: 3

001 - NUMERO DE CONTROL

  • campo de control: 33816

003 - IDENTIFICADOR DE NUMERO DE CONTROL

  • campo de control: UPN

005 - FECHA Y HORA DE LA ÜLTIMA TRANSACCIÓN

  • campo de control: 20220907102320.0

008 - DATOS DE LONGITUD FIJA

  • campo de control de longitud fija: 220907nn acannaabn n aaa d

035 ## - NUMERO DE CONTROL

  • Número de control: UPN11000005923

040 ## - FUENTE DE CATALOGACIÓN

  • Lenguaje de catalogación: SPA
  • Agencia de transcripción: UPN
  • Agencia original de catalogación: UPN

053 #4 - NÚMERO DE CLASIFICACIÓN LC

  • Número de clasificación elemento-número único o número inicial de tramo: PQ8519 I2.2

100 1# - ENCABEZAMIENTO - NOMBRE PERSONAL

  • Nombre personal: Ibargoyen Islas, Saúl,
  • Fechas asociadas con el nombre: 1930-2019

670 ## - FUENTE EN LA QUE SE LOCALIZARON DATOS

  • Cita de la fuente: LC/P

680 ## - NOTA PUBLICA DE ACCESO PÚBLICO

  • Frase explicativa de la referencia: Escritor uruguayo

902 ## - CATALOGADOR

  • Catalogador: CAA/300713